Statystyki dla Państwa na litere D

Kliknij tutaj aby rozwiązać quiz!

Ogólne statystyki

  • Ten quiz został rozwiązany 89 razy
  • Średni wynik to 3 z 5

Statystyki odpowiedzi

odpowiez% Poprawnych
Dania
100%
Dominika
71%
Dominikana
68%
Demokratyczna Republika Konga
56%
Dżibuti
49%

Rozkład punktacji

Percentyl według liczby udzielonych odpowiedzi

Procent ludzi z każdym wynikiem

Twoja historia wyników

Nie rozwiązałeś tego quizu